Обрабатываемость цветных металлов при торцовом фрезеровании; Вестник машиностроения; № 3

מידע ביבליוגרפי
Parent link:Вестник машиностроения: научно-технический и производственный журнал/ Орган Госкомитета Совета Министров СССР по науке и технике.— , 1943-
№ 3.— 1965.— С. 68-72
מחבר ראשי: Куфарев Г. Л. Георгий Леонидович
מחברים אחרים: Козлов А. А.
שפה:רוסית
יצא לאור: 1965
נושאים:
פורמט: Book Chapter
KOHA link:https://koha.lib.tpu.ru/cgi-bin/koha/opac-detail.pl?biblionumber=453970

MARC

LEADER 00000naa2a2200000 4500
001 453970
005 20231101084048.0
035 |a (RuTPU)RU\TPU\prd\117044 
035 |a RU\TPU\tpu\6826 
090 |a 453970 
100 |a 20110824a1965 k y0rusy50 ca 
101 0 |a rus 
102 |a RU 
200 1 |a Обрабатываемость цветных металлов при торцовом фрезеровании  |f Г. Л. Куфарев, А. А. Козлов 
461 0 |0 (RuTPU)RU\TPU\prd\97  |t Вестник машиностроения  |o научно-технический и производственный журнал  |f Орган Госкомитета Совета Министров СССР по науке и технике  |d 1943- 
463 0 |0 (RuTPU)RU\TPU\prd\117043  |t № 3  |v С. 68-72  |d 1965 
610 1 |a машиностроение 
610 1 |a труды учёных ТПУ 
610 1 |a машиноведение 
610 1 |a резание 
610 1 |a металлы 
610 1 |a обработка 
700 1 |a Куфарев  |b Г. Л.  |c российский ученый  |c ведущий специалист томской школы резания металлов  |c Заслуженный профессор Томского политехнического университета  |f 1927-1999  |g Георгий Леонидович  |2 stltpush  |3 (RuTPU)RU\TPU\pers\19830 
701 1 |a Козлов  |b А. А. 
801 0 |a RU  |b 63413507  |c 20011210  |g PSBO 
801 2 |a RU  |b 63413507  |c 20180604  |g PSBO 
942 |c BK